Statistics for The Dragon Ball Super Quiz

Click here to take the quiz!

General Stats

  • This quiz has been taken 4,540 times
  • The average score is 11 of 15

Answer Stats

HintAnswer% Correct
Who is the God of destruction of Universe 7Beerus
97%
How many universes there were in total12
96%
Who is the angel of the Universe 7Whis
94%
Who is the king of all (omni king)Zeno
92%
Who is Beerus' brotherChampa
89%
What is the biggest Tournament that the losing universes with be erasedTournament of Power
78%
Who created a new Time Machine for Future Trunks to go to FutureBulma
75%
Which Android came back to participate on Tournament of Power17
72%
Who is currently the strongest mortal as of Episode 112Jiren
71%
What is Goku's biggest power as of Episode 112Ultra instinct
70%
Who is the Angel on Zeno sama's PalaceGrand Priest
58%
Who is the angel of the Universe 6 (Champa's)Vados
58%
Who killed the fusion of Future Zamasu and Black GokuFuture Trunks
52%
Who was Zamasu trying to kill to achieve the Time RingGowasu
43%
Which strong mortal Jiren beatedHit
35%

Score Distribution

Percentile by Number Answered

Percent of People with Each Score

Your Score History

You have not taken this quiz